American accent / (Record no. 190502)
[ view plain ]
| 000 -LEADER | |
|---|---|
| fixed length control field | 00555 a2200169 4500 |
| 003 - CONTROL NUMBER IDENTIFIER | |
| control field | Nust |
| 005 - DATE AND TIME OF LATEST TRANSACTION | |
| control field | 20230331095003.0 |
| 040 ## - CATALOGING SOURCE | |
| Transcribing agency | Nust |
| 082 ## - DEWEY DECIMAL CLASSIFICATION NUMBER | |
| Classification number | 810,MCC |
| 100 ## - MAIN ENTRY--PERSONAL NAME | |
| Personal name | McCullers, Carson |
| 9 (RLIN) | 111634 |
| 245 ## - TITLE STATEMENT | |
| Title | American accent / |
| Statement of responsibility, etc. | Carson McCullers, |
| 260 ## - PUBLICATION, DISTRIBUTION, ETC. | |
| Place of publication, distribution, etc. | Ballantine Books |
| Name of publisher, distributor, etc. | USA |
| Date of publication, distribution, etc. | 1978 |
| 300 ## - PHYSICAL DESCRIPTION | |
| Extent | 193 p |
| 505 ## - FORMATTED CONTENTS NOTE | |
| Formatted contents note | Letters to A Young Writer I (Page-1), Letters to A Young Writer II (Page-65), Letters to A Young Writer III (Page-111), Letters to A Young Writer IV (Page-193). |
| 650 ## - SUBJECT ADDED ENTRY--TOPICAL TERM | |
| Topical term or geographic name entry element | The memory |
| 9 (RLIN) | 111635 |
| 942 ## - ADDED ENTRY ELEMENTS (KOHA) | |
| Source of classification or shelving scheme | |
| Koha item type | Book |
| Call number prefix | 810,MCC |
| Withdrawn status | Lost status | Source of classification or shelving scheme | Damaged status | Not for loan | Permanent Location | Current Location | Shelving location | Date acquired | Full call number | Barcode | Date last seen | Price effective from | Koha item type | Public note |
|---|---|---|---|---|---|---|---|---|---|---|---|---|---|---|
| Military College of Signals (MCS) | Military College of Signals (MCS) | Fiction | 12/12/2016 | 810,MCC | MCS29054 | 12/08/2016 | 12/12/2016 | Book | Almirh No 75, Shelf No 4 |
